Rod bijících srdcí /
Uloženo v:
| Série: | Království havranů,
část 2 |
|---|---|
| Hlavní autor: | |
| Další autoři: | |
| Médium: | Kniha |
| Jazyk: | Czech |
| Vydáno: |
Praha :
Dobrovský s.r.o.,
2026
|
| Edice: | Red
|
| Témata: | |
| Celkem bylo vypůjčeno: | 0x |
| Příbuzné jednotky: | Z cyklu::
Království havranů |
| Tagy: |
Žádné tagy |
| LEADER | 01588nam a2200457 i 4500 | ||
|---|---|---|---|
| 001 | 106707 | ||
| 003 | CZ PrNK | ||
| 005 | 20260701134831.0 | ||
| 007 | ta | ||
| 008 | 260507s2026 xr g 000 f cze | ||
| 015 | |a cnb003756870 | ||
| 020 | |a 9788027760176 |q (brožováno) : |c Kč 499,00 | ||
| 040 | |a ABG001 |b cze |d OLA001 |e rda | ||
| 041 | 1 | |a cze |h eng | |
| 072 | 7 | |a 821.111(73)-3 |x Americká próza |2 Konspekt |9 25 | |
| 080 | |a 821.111(73)-31 |2 MRF | ||
| 080 | |a (0:82-312.9) |2 MRF | ||
| 100 | 1 | |a Wildenstein, Olivia |7 jo20251269843 |4 aut |9 117556 | |
| 240 | 1 | 0 | |a House of pounding hearts. |l Česky |
| 245 | 1 | 0 | |a Rod bijících srdcí / |c Olivia Wildenstein ; přeložila Anna Fürstová |
| 264 | 1 | |a Praha : |b Dobrovský s.r.o., |c 2026 | |
| 300 | |a 438 stran ; |c 21 cm | ||
| 336 | |a text |b txt |2 rdacontent | ||
| 337 | |a bez média |b n |2 rdamedia | ||
| 338 | |a svazek |b nc |2 rdacarrier | ||
| 490 | 1 | |a Red | |
| 500 | |a Přeloženo z angličtiny | ||
| 500 | |a Terminologický slovník | ||
| 653 | 0 | |a romantasy | |
| 655 | 7 | |a americké romány |7 fd131796 |2 czenas |9 53403 | |
| 655 | 7 | |a fantasy romány |7 fd184199 |2 czenas |9 54250 | |
| 655 | 9 | |a American fiction |2 eczenas | |
| 655 | 9 | |a fantasy novels |2 eczenas | |
| 700 | 1 | |a Fürstová, Anna |7 xx0329262 |4 trl |9 117557 | |
| 710 | 2 | |a Dobrovský (firma) |7 olak2017946581 |4 pbl |9 117120 | |
| 787 | 0 | 8 | |i Z cyklu: |t Království havranů |g 2 |
| 830 | 0 | |a Red | |
| 910 | |a UOG502 | ||
| 942 | |2 ddc |c KN | ||
| 999 | |d 106707 | ||
| 993 | |0 0 |1 421180107435 |2 ddc |4 0 |7 0 |9 100213 |b 0 |c 107435 |d 2026-07-01 |e 0 |f DOSP |h 499.00 |i Koupě |l DOSP |r 2026-07-02 |t 6 |w 2026-07-01 |y KN |z BELET |n | ||